Ajax Amsterdam : Effectif du parcours historique LDC 2018 / 2019 - Statistiques

Statistiques générales
  • Ce quiz a été pris 115 fois
  • Le résultat moyen est 11 sur 25
Statistiques - réponses
Poste Nationalité Joueur % Correct
Gardien de but Cameroun André Onana
100%
Défenseur central Pays-Bas Matthijs de Ligt
98%
Milieu central Pays-Bas Frenkie de Jong
93%
Ailier gauche Serbie Dusan Tadic
92%
Ailier droit Maroc Hakim Ziyech
89%
Défenseur gauche Argentine Nicolas Tagliafico
88%
Défenseur droit Maroc Noussair Mazraoui
81%
Ailier droit Brésil David Neres
75%
Milieu central Pays-Bas Donny van de Beek
74%
Défenseur central / gauche Pays-Bas Daley Blind
71%
Avant centre Danemark Kasper Dolberg
58%
Milieu central Danemark Lasse Schöne
56%
Avant centre Burkina Faso Lassina Traoré
55%
Avant centre Pays-Bas Klaas-Jan Huntelaar
35%
Défenseur central / droit Pays-Bas Joël Veltman
22%
Milieu offensif Maroc Zakaria Labyad
14%
Défenseur central / gauche Autriche Maximilian Wöber
8%
Gardien de but Cap Vert Bruno Varela
7%
Défenseur droit Danemark Rasmus Kristensen
7%
Défenseur gauche Pays-Bas Daley Sinkgraven
5%
Milieu de terrain Pays-Bas Carel Eiting
3%
Défenseur central Argentine Lisandro Magallan
3%
Milieu offensif Pays-Bas Dani de Wit
2%
Milieu de terrain Pays-Bas Jurgen Ekkelenkamp
2%
Avant centre Pays-Bas Kaj Sierhuis
1%
Aucun quiz correspondant
Distribution des résultats
% des personnes avec chaque résultat
Percentile par nombre de réponses
Votre historique - résultats
Vous n’avez pas pris ce quiz